Most influental Chads in BP/LM-Community - Statistics

General Stats
  • This quiz has been taken 5 times
  • The average score is 11 of 25
Answer Stats
Title Answer % Correct
The Chosen One Clavicular
100%
Albanian Menace ASU FRAT LEADER Varis
75%
The Funny Guy Cookie King
75%
Tera Titan Androgenic
50%
The Maverick Bojack
50%
The Golden Boy Derb
50%
Clav's Right Hand Man Drago
50%
Happymaxxer Haskell
50%
Anti-PDF Sargeant Jidion
50%
Russian Queen Lizka
50%
The Classic Marlon
50%
Where is Remus Romulus
50%
Ginger Comedian Trevor Larcom
50%
Sunshine and Rainbows Unc Sky
50%
Humble Mogger Vmogsu
50%
Genetic Apex Zeta
50%
Spectrum Princess Aurora
25%
Lord of the Mane Bass
25%
WEAPON X Dillon Latham
25%
The Perfect Physique Dorian Sarachi
25%
Ladies' Man Hunter Davis
25%
The Godfather K Shami
25%
True Stacy Skablatt
25%
Uncanny Chadlite Sunshine
25%
Cutie Patootie Zena
25%
No matching quizzes found
Score Distribution
Percent of People with Each Score
Percentile by Number Answered
Your Score History
You have not taken this quiz